000 00466nam a2200157Ia 4500
008 220214s9999 xx 000 0 und d
100 _aViets F G
245 0 _aRelationship among corn yields, leaf composition and fertilizer applied
260 _bProceedings of the Soil Science Society of America
_c1954
300 _a297-301
650 _aFertilizer application
650 _aLeaf composition
700 _aCrawford C I
700 _aNelson C E
942 _cRE
999 _c45325
_d45325